Statistics for 香港MTR(港鐵)の駅

Click here to take the quiz!

General Stats

  • This quiz has been taken 7 times
  • The average score is 86 of 191

Answer Stats

路線名駅名% Correct
迪士尼線迪士尼
100%
東涌線 | 機場快線香港
100%
荃湾線 | 観塘線太子
83%
東涌線 | 機場快線九龍
83%
港島線堅尼地城
67%
荃湾線尖沙咀
67%
屯馬線 | 軽鉄屯門
67%
港島線銅鑼灣
67%
高速鉄路香港西九龍
67%
東涌線 | 機場快線青衣
67%
東涌線 | 迪士尼線欣澳
67%
屯馬線第一城
67%
屯馬線烏溪沙
67%
屯馬線 | 東涌線南昌
50%
東涌線奧運
50%
東鉄線大埔墟
50%
機場快線機場
50%
東涌線東涌
50%
南港島線海怡半島
50%
東鉄線羅湖
50%
南港島線利東
50%
東鉄線落馬洲
50%
東鉄線上水
50%
東鉄線粉嶺
50%
東鉄線太和
50%
東鉄線沙田
50%
東鉄線大學
50%
屯馬線錦上路
50%
屯馬線馬鞍山
50%
屯馬線石門
50%
屯馬線沙田圍
50%
屯馬線車公廟
50%
屯馬線啟德
50%
屯馬線宋皇臺
50%
屯馬線尖東
50%
屯馬線柯士甸
50%
将軍澳線 | 観塘線油塘
50%
東鉄線馬場
50%
屯馬線朗屏
50%
屯馬線天水圍
50%
東鉄線會展
50%
屯馬線 | 東鉄線紅磡
50%
東鉄線旺角東
50%
屯馬線 | 東鉄線大圍
50%
南港島線海洋公園
50%
東鉄線火炭
50%
南港島線黃竹坑
50%
屯馬線 | 軽鉄元朗
50%
将軍澳線將軍澳
50%
荃湾線 | 観塘線旺角
50%
荃湾線長沙灣
50%
荃湾線深水埗
50%
荃湾線佐敦
50%
南港島線 | 東鉄線 | 港島線 | 荃湾線金鐘
50%
港島線 | 荃湾線中環
50%
観塘線黃埔
50%
屯馬線 | 観塘線何文田
50%
荃湾線 | 観塘線油麻地
50%
東鉄線 | 観塘線九龍塘
50%
屯馬線 | 荃湾線美孚
50%
観塘線樂富
50%
観塘線黃大仙
50%
観塘線鑽石山
50%
観塘線彩虹
50%
観塘線九龍灣
50%
観塘線牛頭角
50%
観塘線觀塘
50%
観塘線藍田
50%
荃湾線茘枝角
50%
観塘線石硤尾
50%
東涌線 | 荃湾線茘景
50%
荃湾線葵興
50%
荃湾線大窩口
50%
荃湾線荃灣
50%
港島線香港大學
50%
港島線西營盤
50%
港島線上環
50%
将軍澳線 | 港島線北角
50%
荃湾線葵芳
50%
港島線天后
50%
港島線柴灣
50%
軽鉄新圍
33%
軽鉄良景
33%
軽鉄鳳地
33%
軽鉄屯門醫院
33%
軽鉄建生
33%
軽鉄屏山
33%
軽鉄田景
33%
軽鉄泥圍
33%
軽鉄青松
33%
軽鉄麒麟
33%
軽鉄藍地
33%
軽鉄坑尾村
33%
軽鉄鍾屋村
33%
軽鉄安定
33%
軽鉄友愛
33%
軽鉄市中心
33%
軽鉄青山村
33%
軽鉄青雲
33%
軽鉄塘坊村
33%
軽鉄翠湖
33%
軽鉄天耀
33%
軽鉄濕地公園
33%
軽鉄頌富
33%
軽鉄天水圍
33%
軽鉄天富
33%
軽鉄天逸
33%
軽鉄天恆
33%
軽鉄天慈
33%
軽鉄建安
33%
軽鉄天湖
33%
軽鉄天秀
33%
軽鉄樂湖
33%
軽鉄銀座
33%
軽鉄天榮
33%
軽鉄天悅
33%
軽鉄水邊圍
33%
軽鉄豐年路
33%
軽鉄天瑞
33%
軽鉄康樂路
33%
軽鉄大棠路
33%
軽鉄杯渡
33%
軽鉄屯門泳池
33%
軽鉄何福堂
33%
港島線灣仔
33%
屯馬線大水坑
33%
屯馬線顯徑
33%
屯馬線鑽石山
33%
屯馬線土瓜灣
33%
屯馬線荃灣西
33%
屯馬線 | 軽鉄洪水橋
33%
屯馬線 | 軽鉄兆康
33%
機場快線博覧館
33%
軽鉄龍門
33%
港島線炮台山
33%
将軍澳線 | 港島線鰂魚涌
33%
港島線太古
33%
港島線西灣河
33%
港島線筲箕灣
33%
港島線杏花邨
33%
将軍澳線康城
33%
将軍澳線寶琳
33%
屯馬線恆安
33%
軽鉄輕鐵車廠
33%
軽鉄新墟
33%
軽鉄大興(南)
33%
軽鉄景峰
33%
軽鉄河田
33%
軽鉄蔡意橋
33%
軽鉄鳴琴
33%
軽鉄山景(南)
33%
軽鉄山景(北)
33%
軽鉄石排
33%
軽鉄大興(北)
33%
軽鉄銀圍
33%
軽鉄蝴蝶
33%
軽鉄澤豐
33%
軽鉄兆麟
33%
軽鉄三聖
33%
軽鉄豐景園
33%
将軍澳線坑口
33%
軽鉄兆禧
33%
軽鉄屯門碼頭
33%
軽鉄美樂
33%
将軍澳線 | 観塘線調景嶺
33%

Score Distribution

Percentile by Number Answered

Percent of People with Each Score

Your Score History

You have not taken this quiz